Economics principles and policy : study guide for Baumol and Blinder's

Αποθηκεύτηκε σε:
Λεπτομέρειες βιβλιογραφικής εγγραφής
Κύριος συγγραφέας: Swan, Craig
Μορφή: Βιβλίο
Γλώσσα:English
Δημοσίευση: San Diego, New York : HBJ, c1985
Έκδοση:3rd ed.
Θέματα:
Ετικέτες: Προσθήκη ετικέτας
Δεν υπάρχουν, Καταχωρήστε ετικέτα πρώτοι!

MARC

LEADER 00000nam a2200000 i 4500
001 1/68047
008 960619s1985 eng d
020 |a 0-15-518842-9 
035 |l 10030121 
040 |a GR-MY-UA  |b gre  |e aacr 
041 0 |a eng 
082 0 |a 330 
100 1 |a Swan, Craig. 
245 1 0 |a Economics principles and policy :  |b study guide for Baumol and Blinder's /  |c Craig Swan 
250 |a 3rd ed. 
260 |a San Diego, New York :   |b HBJ,   |c c1985 
300 |a 313 σ. 
650 0 0 |a Economics. 
852 |a INST  |b CHIOS  |e 19960619  |h 330 SWA  |p 005200007700  |q 005200007700  |t BK  |y 0 
909 |a Χ  |b 039869